Mathematical statistics and stochastic processes (Record no. 67805)
[ view plain ]
| 000 -LEADER | |
|---|---|
| fixed length control field | 01383nam a2200349 a 4500 |
| 082 04 - DEWEY DECIMAL CLASSIFICATION NUMBER | |
| Classification number | 519.5 |
| 100 1# - MAIN ENTRY--AUTHOR NAME | |
| Personal name | Bosq, Denis, |
| 245 10 - TITLE STATEMENT | |
| Title | Mathematical statistics and stochastic processes |
| 260 ## - PUBLICATION, DISTRIBUTION, ETC. (IMPRINT) | |
| Place of publication | London : |
| Name of publisher | ISTE ; |
| Place of publication | Hoboken, N.J. : |
| Name of publisher | Wiley, |
| Year of publication | 2012. |
| 300 ## - PHYSICAL DESCRIPTION | |
| Number of Pages | xi, 286 p. : |
| Other physical details | ill. |
| 490 0# - SERIES STATEMENT | |
| Series statement | Applied stochastic methods series |
| 505 0# - FORMATTED CONTENTS NOTE | |
| Formatted contents note | pt. 1. Mathematical statistics -- pt. 2. Statistics for stochastic processes -- pt. 3. Supplement. |
| 650 #0 - SUBJECT ADDED ENTRY--TOPICAL TERM | |
| Topical Term | Mathematical statistics. |
| Topical Term | Stochastic processes. |
| 856 40 - ELECTRONIC LOCATION AND ACCESS | |
| Uniform Resource Identifier | http://site.ebrary.com/lib/rucke/Doc?id=10660557 |
No items available.
